| 000 | 00463nam a2200181 a 4500 | ||
|---|---|---|---|
| 001 | 1766566529874 | ||
| 003 | YourLibrary | ||
| 005 | 20251226115026.0 | ||
| 008 | 251224s2003##################000#0#eng## | ||
| 020 | _a9780140447316 | ||
| 082 | 0 | 4 |
_a248.2 _bWAR |
| 100 | 1 |
_aVarious, _eauthor. |
|
| 245 | 1 | 0 | _aThe Desert Fathers : |
| 260 |
_bNational Geographic Books, _c2003. |
||
| 650 | 0 | _aReligion. | |
| 942 | _cENGLISH | ||
| 040 |
_aYourLibrary _beng _cYourLibrary |
||
| 999 |
_c604874 _d604874 |
||